书目信息 |
| 题名: |
中学教师课堂教学技巧⑾
|
|
| 作者: | 蔡勤霞 , 孙凌曦 主编 | |
| 分册: | ||
| 出版信息: | 北京 华语教学出版社 1998.01 |
|
| 页数: | 133页 | |
| 开本: | 小32开 | |
| 丛书名: | ||
| 单 册: | ||
| 中图分类: | G632.41 | |
| 科图分类: | ||
| 主题词: | 教育--各级 | |
| 电子资源: | ||
| ISBN: | 7-80052-519-8 | |
| 000 | 00695nam0 2200229 45 | |
| 001 | 0010310959 | |
| 005 | 20031219104047.1 | |
| 010 | @a7-80052-519-8@dCNY68 | |
| 100 | @a20001031d1998 km y0chiy0120 ea | |
| 101 | 0 | @achi |
| 105 | @a z 000yy | |
| 200 | 1 | @a中学教师课堂教学技巧⑾@AZhong Xue Jiao Shi Ke Tang Jiao Xue Ji Qiao⑾@e体育@ETi Yu@f蔡勤霞,孙凌曦主编@FCai Qin Xia,Sun Ling Xi Zhu Bian |
| 210 | @a北京@c华语教学出版社@d1998.01 | |
| 215 | @a133页@d小32开 | |
| 517 | @a体育@ATi Yu | |
| 517 | @a体育@ATi Yu | |
| 606 | 0 | @a教育@x各级 |
| 690 | @aG632.41@v3 | |
| 701 | 0 | @a蔡勤霞@4主编 |
| 701 | 0 | @a孙凌曦@4主编 |
| 801 | @aCN@bTSTC@c20001031 | |
| 905 | @dG632.41@e44:11@b292318-322@f5 | |
| 中学教师课堂教学技巧⑾:体育/蔡勤霞,孙凌曦主编.-北京:华语教学出版社,1998.01 |
| 133页;小32开 |
| ISBN 7-80052-519-8:CNY68 |
| ● |
| 相关链接 |
|
|
|
|
正题名:中学教师课堂教学技巧⑾
索取号:G632.41/44:11
 
预约/预借
| 序号 | 登录号 | 条形码 | 馆藏地/架位号 | 状态 | 备注 |
| 1 | 0292318 | 002923180 | 密集书库/ [索取号:G632.41/44:11] | 在馆 | |
| 2 | 0292319 | 002923199 | 密集书库/ [索取号:G632.41/44:11] | 在馆 | |
| 3 | 0292320 | 002923206 | 第四借阅区/ [索取号:G632.41/44:11] | 在馆 | |
| 4 | 0292321 | 002923215 | 第四借阅区/ [索取号:G632.41/44:11] | 在馆 | |
| 5 | 0292322 | 002923224 | 第一样本阅览室/ [索取号:G632.41/44:11] | 在馆 |